00550nam a2200181Ia 4500008004100000082001500041100003100056245001700087250000800104260002400112300001200136500002400148650001500172700002800187942000700215952012900222999001700351230524s9999 xx 000 0 und d a571.6bROY aSatyesh Chandra Roy923879 0aCell Biology a2ND aCALCUTTAbNCBc2005 aXIV;620 aQuantity Number: 1 aBiomedical a Kalyan Kumar De923880 cBK 00104070aTATCLbTATCLcGENd2023-05-24l1o571.6 ROYp10809q2015-06-01r2024-02-02s2024-02-02w2023-05-24yBKzBSCP1102 c35344d35344